| 000 | 00760nam a2200181 i 4500 | ||
|---|---|---|---|
| 001 | 158501 | ||
| 003 | ES-MaACL | ||
| 005 | 20250131222214.0 | ||
| 008 | 931025s1881 sp |||| | fre d | ||
| 100 | 1 |
_aMagnabal, Joseph Germain. _9129345 |
|
| 245 | 1 | 0 |
_aAperçu sur l'étude classique des lettres espagnoles en France _b: discours prononcé dans la salle des actes de l'Université de Madrid, le 24 de mai 1881 / _cpar J.G. Magnabel... |
| 260 |
_aMadrid : _b[s.n.], _c1881 ( _fImp. d'Aribau et Cie.) |
||
| 300 |
_a14 p. ; _c22 cm. |
||
| 650 | 1 | 4 |
_a _9239593 |
| 650 | 4 |
_aLiteratura española- _xHistoria y crítica _914560 |
|
| 852 |
_aES-MaACL _jT-378-F-25 _z-- Enc. hol. _q-- Falto de la cub. original _z-- Enc. en un vol. facticio |
||
| 999 |
_c158501 _d158501 |
||